College algebra and trigonometry : (Record no. 3224)

MARC details
000 -LEADER
fixed length control field 01280cam a2200325 a 4500
001 - CONTROL NUMBER
control field 11767661
003 - CONTROL NUMBER IDENTIFIER
control field 20170106132947.0
005 - DATE AND TIME OF LATEST TRANSACTION
control field 20240606080910.0
008 - FIXED-LENGTH DATA ELEMENTS--GENERAL INFORMATION
fixed length control field 990728s2000 caua 001 0 eng
010 ## - LIBRARY OF CONGRESS CONTROL NUMBER
LC control number 99041145
020 ## - INTERNATIONAL STANDARD BOOK NUMBER
International Standard Book Number 0534369596
035 ## - SYSTEM CONTROL NUMBER
System control number (DLC) 99041145
040 ## - CATALOGING SOURCE
Original cataloging agency DLC
Transcribing agency DLC
Modifying agency DLC
050 00 - LIBRARY OF CONGRESS CALL NUMBER
Classification number QA152.2
Item number .D894 2000
082 00 - DEWEY DECIMAL CLASSIFICATION NUMBER
Classification number 512/.13
Edition information 21
100 1# - MAIN ENTRY--PERSONAL NAME
Personal name Dwyer, David.
245 10 - TITLE STATEMENT
Title College algebra and trigonometry :
Remainder of title a contemporary approach /
250 ## - EDITION STATEMENT
Edition statement 2nd ed.
260 ## - PUBLICATION, DISTRIBUTION, ETC.
Place of publication, distribution, etc. Pacific Grove, CA :
Name of publisher, distributor, etc. Brooks/Cole-Thomson Learning,
Date of publication, distribution, etc. c2000.
300 ## - PHYSICAL DESCRIPTION
Extent xv, 913, 74, 19 p. :
Other physical details ill. (some col.) ;
Dimensions 27 cm.
500 ## - GENERAL NOTE
General note Includes index.
650 #0 - SUBJECT ADDED ENTRY--TOPICAL TERM
Topical term or geographic name entry element Algebra.
650 #0 - SUBJECT ADDED ENTRY--TOPICAL TERM
Topical term or geographic name entry element Trigonometry.
700 1# - ADDED ENTRY--PERSONAL NAME
Personal name Gruenwald, Mark
Fuller form of name (Mark Edward)
856 42 - ELECTRONIC LOCATION AND ACCESS
Materials specified Publisher description
Uniform Resource Identifier <a href="http://www.loc.gov/catdir/enhancements/fy1103/99041145-d.html">http://www.loc.gov/catdir/enhancements/fy1103/99041145-d.html</a>
856 41 - ELECTRONIC LOCATION AND ACCESS
Materials specified Table of contents only
Uniform Resource Identifier <a href="http://www.loc.gov/catdir/enhancements/fy1103/99041145-t.html">http://www.loc.gov/catdir/enhancements/fy1103/99041145-t.html</a>
906 ## - LOCAL DATA ELEMENT F, LDF (RLIN)
a 7
b cbc
c orignew
d 1
e ocip
f 19
g y-gencatlg
942 ## - ADDED ENTRY ELEMENTS (KOHA)
Source of classification or shelving scheme Library of Congress Classification
Koha item type Books
Holdings
Withdrawn status Lost status Source of classification or shelving scheme Damaged status Not for loan Home library Current library Date acquired Total checkouts Full call number Barcode Date last seen Price effective from Koha item type
    Library of Congress Classification     Murang'a University of Technology Library Murang'a University of Technology Library 06/01/2017   QA152.2 .D894 2000 003391 30/08/2024 06/01/2017 Books